| 000 | 00417nam a2200169Ia 4500 | ||
|---|---|---|---|
| 001 | 14718 | ||
| 005 | 20260306164935.0 | ||
| 008 | 260306t9999||||xx |||||||||||||| ||spa|| | ||
| 041 | _aESP | ||
| 082 |
_a516.3076 _bC35 |
||
| 100 |
_aCastro Zárate, Juan _eAUT |
||
| 245 | 0 | _aSolucionario de geometría analítica | |
| 300 |
_a619 páginas : _c21 cm. |
||
| 650 | _aGEN | ||
| 654 | _aCMA | ||
| 942 |
_cLIB _dJUS _fJUS _2ddc _n |
||
| 999 |
_c14718 _d14718 |
||